00546nam a2200169Ia 4500008004100000020002000041082001900061100003600080245004900116260004800165300001900213365002900232366000800261530000900269630004900278730004900327100315s9999 xx 000 0 und d a0-256-00284-3  b727 a658.8  a"LAZER, WILLIAM KELLEY, E. J. " aSOCIAL MARKETING PERSPECTIVES AND VIEW POINT aCHARD D IRWIN bRICHARD D IRWIN  c1973  a"XIII,505P  " eAus.Sch. d1 b79.90  f0  b-   aSOCIAL MARKETING PERSPECTIVES AND VIEW POINT aSOCIAL MARKETING PERSPECTIVES AND VIEW POINT